Statistics for Memphis Egypt or Memphis Tennessee?

Click here to take the quiz!

General Stats

  • This quiz has been taken 39 times
  • The average score is 7 of 12

Answer Stats

QuestionAnswer% Correct
Higher average rainfallMemphis, Tennessee, USA
94%
Which sits by the longer river?Memphis, Egypt
86%
Greater populationMemphis, Tennessee, USA
81%
Has a sphinxMemphis, Egypt
78%
Is on the UNESCO World Heritage ListMemphis, Egypt
69%
Home of the Stax Museum and the Pink Palace MuseumMemphis, Tennessee, USA
69%
Further northMemphis, Tennessee, USA
64%
The site of a plant that made gunpowder for British forces during WW2Memphis, Tennessee, USA
36%
Was visited by a French explorer in the 17th centuryboth
25%
Paul Simon went there on a pilgrimageMemphis, Tennessee, USA
25%
Situated above a massive aquiferboth
19%
Has a pyramidMemphis, Tennessee, USA
6%

Score Distribution

Percentile by Number Answered

Percent of People with Each Score

Your Score History

You have not taken this quiz